000 00517nam a22001817a 4500
020 _a9789390790081
082 _aM100 7
_bNIB/S
100 _aNibulal Vettoor
245 _aSamakaala malayala kavitha:
_bpravanathakalum prathirodangalum/
_cby Nibulal Vettoor (ed.)
250 _a2nd ed.
260 _aKozhikode:
_bPavanatma Publishers,
_c2022.
300 _a240p.
650 _aPoetry Malayalam Study
650 _aLiterature Malayalam
650 _aLiterature
700 _aNibulal Vettoor (ed.)
942 _cBK
999 _c181927
_d181927